Technology in the policy process : controlling nuclear power

Gespeichert in:
Bibliographische Detailangaben
1. Verfasser: Collingridge, David
Format: Buch
Sprache:Undetermined
Veröffentlicht: New York St. Martin’s Press 1983
Schlagworte:
Tags: Tag hinzufügen
Keine Tags, Fügen Sie den ersten Tag hinzu!
Thư viện lưu trữ: Trung tâm Học liệu Trường Đại học Cần Thơ
LEADER 00555nam a2200193Ia 4500
001 CTU_86979
008 210402s9999 xx 000 0 und d
082 |a 333.79 
082 |b C711 
100 |a Collingridge, David 
245 0 |a Technology in the policy process : 
245 0 |b controlling nuclear power 
245 0 |c David Collingridge 
260 |a New York 
260 |b St. Martin’s Press 
260 |c 1983 
650 |a Technology assessment,Breeder reactors 
904 |i Bằng 
980 |a Trung tâm Học liệu Trường Đại học Cần Thơ